000 00484cam a2200193 4500
001 D8971
008 090401t1980 xxu||||| |||| 00| 0 eng d
035 _a(Sirsi) u16526
041 _aeng
050 _a724.2
100 _aStamp, Gavin
245 _aVictorian buildings of London 1837-1887: an illustrated guide
260 _aLondon
_bArchitectural Press
_c1980
300 _a175p. ill. 25cm
350 _a12.95
700 _aAmery, Colin
942 _n0
948 _c04/03/1997
999 _c87430
_d87430